000 00817nam a2200253 a 4500
001 56689
003 BD-RjUL
005 20211209080425.0
008 161203r19531929nyu 00010 eng d
035 _a(BD-RjUL) 56813
040 _aBD-RjUL
_beng
_cBD-RjUL
041 0 _aengger
082 _223
_a121
_bKAC 1953
100 1 _aKant, Immanuel,
_d1724-1804.
_9168598
245 1 0 _aImmanuel Kant's Critique of pure reason /
_ctranslated by Norman Kemp Smith.
260 _aLondon :
_bMacmillan,
_c1929 [Reprinted 1953]
300 _axiii, 681p. ;
_c23cm.
500 _aContains a reproduction of the t.p. of the first edition, 1781.
650 _aTheory of Knowledge,
_9168599
650 _aReason.
_9168600
650 _aCausation.
_9168601
700 1 _aSmith, Norman Kemp,
_d1872-1958.
_9168602
942 _2ddc
_cBK
999 _c56689
_d56689